| 000 | 00614nam a22002057a 4500 | ||
|---|---|---|---|
| 999 |
_c8872 _d8872 |
||
| 003 | AR-CdUCM | ||
| 008 | 190326b ||||| |||| 00| 0 spa d | ||
| 040 |
_aMUNICIPALIDAD PROVINCIAL DEL CUSCO _cBIBLIOTECA MUNICIPAL DEL CUSCO |
||
| 082 |
_a869.56 / _bV76 |
||
| 100 |
_aVite _924678 |
||
| 245 | _aConfidencias a la amada invencible / | ||
| 260 |
_aHuamanga : _bUniversidad San Cristóbal de Huamanga, _c1984. |
||
| 300 |
_a71 páginas ; _c20 cm. |
||
| 505 | _aContenido: Poemas. | ||
| 650 |
_aPoesías peruanas _91481 |
||
| 650 |
_aSiglo XX _98 |
||
| 650 |
_aPoemas _9929 |
||
| 942 |
_2ddc _cLIBROS |
||
| 945 | _aachl | ||